000 00801nam a2200217Ia 4500
001 17136
003 GE_BSU
008 181216s||||||||xx |||||||||||||| ||und||
040 _cGE_BSU
080 _a821.353.1-31
100 _aგამსახურდია, კ. (კონსტანტინე, 1891-1975)
245 _aდავით აღმაშენებელი : ტეტრალოგია წ. 1.
260 _aთბილისი
260 _bსახელგამი
260 _c1954
300 _a488 გვ.21სმ.
300 _eდანართი: "შენიშვნები" და განმარტებანი
653 _aდავით აღმაშენებელი
653 _aტეტრალოგია
942 _cBK
999 _c50198
_d50198